• 首页
  • 本馆介绍
  • 公告通知
  • 最新文献
  • 馆藏检索
  • 电子资源
  • 读者导购
  • 参考咨询
  • 我的图书馆
  • 登录
  • 详细信息显示
  • 放入我的书架
  • 预约/预借图书
  • 作者相关作品
  • 分类相关作品
  • 丛书相关作品
  • 出版社相关作品

书目信息

  • 表格格式
  • 工作单格式
  • 卡片格式
书名: Resource recovery planning and management
作者: by Robert M. Clark, James I. Gillean
分册号:
分册名:
出版地: Ann Arbor, Mich. :
 
出版社: Ann Arbor Science
出版时间: c1981.
页数: xv, 167 p. :
开本: 24 cm.
丛书名:
中图分类号:
科图分类号:
其他分类号: X7
主题词:
电子资源:
000 00889nam 2200277 a 4500
001 E0754492534
005 20070728151316.37
008 00110 eng
008 uu
010    @a80070320
020    @a025040298X.
049    @aN5LA
050 0  @aTD794.5 @b.C55
082 0  @a363.7/28 @219
090    @a2/X7/CRM///////390042/+974235/-36/ cop.2-3
090    @aX7
096    @aX7 @v2
099    @dX7@ex35
100 10 @aClark, Robert Maurice.
245 10 @aResource recovery planning and management / @cby Robert M. Clark, James I. Gillean
260 0  @aAnn Arbor, Mich. :@bAnn Arbor Science,@cc1981.
300    @axv, 167 p. :@bill. ;@c24 cm.
504    @aIncludes bibliographical references and index.
650  0 @aRecycling (Waste, etc.)
700 10 @aGillean, James I. @b00 @c20020930 @lNLC09 @h2248 @lNLC09 @h2320 @lNLC09 @h1912
852 9  @bWWJC @cJ08S @k2 @hX7 @iCRM
    
    Resource recovery planning and management / / by Robert M. Clark, James I. Gillean.-Ann Arbor, Mich. : : Ann Arbor Science, , c1981.
    xv, 167 p. : : ill. ; ; 24 cm.
    Includes bibliographical references and index.
    
    ISBN 025040298X.
    
●
相关链接 在E读中查询图书 在五车中查询图书 在当当中查询图书 在豆瓣中查询图书


正题名:Resource recovery planning and management     索取号:X7/x35         预约/预借

序号 登录号 条形码 馆藏地/架位号 状态 备注
1 13977   300139776   第二样本阅览室/ [索取号:X7/x35] 在馆    
唐山师范学院图书馆 欢迎您!
大连网信软件有限公司© 版权所有